| 000 | 00694nam a2200205Ia 4500 | ||
|---|---|---|---|
| 003 | IN-BaIIA | ||
| 008 | 211028s9999 xx 000 0 eng d | ||
| 020 | _a1-881157-19-9 | ||
| 040 | _cIIA Library | ||
| 080 |
_a5 _bGIE |
||
| 100 |
_aGieryn, Thomas _919317 |
||
| 245 | 0 |
_aScience and technology in the developing world: liberation or dependence? _cThomas Gieryn and Hollis R Johnson |
|
| 260 |
_aU.S.A. _bIndiana University _c1992 |
||
| 300 | _aviii, 250p. | ||
| 650 | _aAstronomy and Astrophysics Thesaurus | ||
| 650 |
_aDeveloping World _919318 |
||
| 650 |
_aScience & Technology _919319 |
||
| 700 |
_aJohnson, Hollis R. _917497 |
||
| 942 | _cBK | ||
| 999 |
_c11268 _d11268 |
||